| 000 | 00340nam a2200133Ia 4500 | ||
|---|---|---|---|
| 008 | 240624s9999 xx 000 0 und d | ||
| 041 | _aeng | ||
| 082 | _a332.1 IIB | ||
| 100 | _aINDIAN INSTITUTE OF BANKING AND FINANCE | ||
| 245 | _aBANKING AN INTRODUCTION | ||
| 260 |
_c2015 _aNew Delhi _bTaxmann |
||
| 300 | _a172 , p. | ||
| 365 |
_cRS _b30 |
||
| 999 |
_c30872 _d30872 |
||